L'altro sesso : comunicazione e differenza lesbica /

Guardat en:
Dades bibliogràfiques
Autor principal: Labanca, Pina (Autor)
Format: Llibre
Idioma:italià
Publicat: Acireale [etc.] : Bonanno, [2007]
Col·lecció:Scaffale del nuovo millennio ; 41
Etiquetes: Afegir etiqueta
Sense etiquetes, Sigues el primer a etiquetar aquest registre!

MARC

LEADER 00000nam a22000007i 4500
001 IT\ICCU\PAL\0210199
003 ItRI
005 20260207110702.0
008 071121s2007 it |||||| ||||| |||||c
020 |a 8877963662 
040 |b ita  |c GP 
041 7 |a ita  |2 ISO-639-2 
100 1 |a Labanca, Pina  |0 IT\ICCU\UBOV\223967  |4 aut 
245 1 2 |a L'altro sesso :  |b comunicazione e differenza lesbica /  |c Pina Labanca. 
260 |a Acireale [etc.] :  |b Bonanno,  |c [2007] 
300 |a 251 p. ;  |c 21 cm. 
830 0 |a Scaffale del nuovo millennio ;  |v 41  |0 IT\ICCU\PAR\0875656 
942 |2 ddc  |c BK 
952 |0 0  |1 0  |2 ddc  |4 0  |6 306_766000000000000_LAB  |7 1  |9 1185  |a RM  |b RM  |d 2024-04-03  |l 0  |o 306.766 LAB  |p 731  |r 2024-04-03 19:59:08  |w 2024-04-03  |y BK 
952 |0 0  |1 0  |4 0  |6 L_306_766000000000000_LAB  |7 0  |9 16999  |a BO  |b BO  |d 2026-01-15  |i 11792  |l 0  |o L 306.766 LAB  |p BO11792  |r 2026-01-15 23:19:30  |w 2026-01-15  |x [Sebina 5] [1 v.]  |y BK  |z 1 v. 
999 |c 1088  |d 1088